Vista normal
Vista MARC
Entrada Nombre personal
Número de registros utilizados en: 1
001 - NÚMERO DE CONTROL
- campo de control: 89731
003 - IDENTIFICADOR DEL NÚMERO DE CONTROL
- campo de control: DO-SdBNP
005 - FECHA Y HORA DE LA ÚLTIMA TRANSACCIÓN
- campo de control: 20260525143609.0
008 - DATOS DE LONGITUD FIJA
- campo de control de longitud fija: 260525|| aza||aabn | a|a d
040 ## - FUENTE DE LA CATALOGACIÓN
- Centro catalogador/agencia de origen: DO-SdBNP
- Lengua de catalogación: spa
- Centro/agencia transcriptor: BNPHU
- Normas de descripción: rda
100 ## - ENCABEZAMIENTO-NOMBRE DE PERSONA
- Nombre de persona: Martorell Pérez, Rafael A.
370 ## - LUGAR ASOCIADO
- Lugar de nacimiento: Ciudad Trujillo.
- País asociado: Ciudad Trujillo, República Dominicana.
372 ## - CAMPO DE ACTIVIDAD
- Campo de actividad: Periodista
- Campo de actividad: Educador.
- Campo de actividad: Comunicador social.
375 ## - GÉNERO/SEXO
- Género/Sexo: Masculino
